Ehemalige Städtenamen - Statistiken

Allgemein
  • Dieses Quiz wurde 158 mal gespielt
    107 seit der letzten Aktualisierung
  • Das Durchschnittsergebnis liegt bei 9 aus 20
Antwortstatistiken
Hint Antwort % Korrekt
Konstantinopel Istanbul
92%
Neu Amsterdam, Neu-Angoulême, Nieuw Oranje New York
92%
Londinium London
84%
Karl-Marx-Stadt Chemnitz
80%
Bombay Mumbai
78%
Königsberg Kaliningrad
67%
Lutetia Paris
65%
Pressburg Bratislava
58%
Akmolinsk, Zelinograd, Akmola,Nursultan Astana
55%
Tenochtitlán Mexiko-Stadt
55%
Stalingrad Wolgograd
46%
Hanseong, Hanyang, Namgyeong, Gyeongseong Seoul
41%
Theben Luxor
23%
Massalia Marseille
23%
Castra Regina Regensburg
23%
Heian-kyo Kyoto
10%
Ragusa Dubrovnik
9%
Alis Ubbo, Felicitas Iulia Lissabon
8%
Funza Bogotá
2%
Afrosiab, Marakanda Samarkand
2%
Keine übereinstimmenden Quizze gefunden
Verteilung der Resultate
Anzahl Personen mit jedem Resultat
Perzentil nach korrekt beantworteten Fragen
Ihre Resultats-Entwicklung
Sie haben dieses Quiz seit der letzten Aktualisierung nicht gespielt